Żużlowcy, z podium ale bez zwycięstwa w turnieju Speedway Grand Prix - Statystyki

Ogólne statystyki
  • Ten quiz został rozwiązany 131 razy
    88 od ostatniego zresetowania
  • Średni wynik to 6 z 19
Statystyki odpowiedzi
PAŃSTWO ZAWODNIK % Poprawnych
Australia Jack Holder
62%
Wielka Brytania Robert Lambert
62%
Czechy Lukas Dryml
60%
Czechy Vaclav Milík
54%
USA Sam Ermolenko
49%
Polska Dominik Kubera
43%
Polska Sebastian Ułamek
34%
Wielka Brytania Scott Nicholls
31%
Australia Troy Batchelor
31%
Szwecja Jimmy Nilsen
26%
Australia Todd Wiltshire
26%
Szwecja Peter Karlsson
25%
Dania Mikkel Michelsen
23%
Polska Wiesław Jaguś
23%
Szwecja Henrik Gustafsson
20%
Szwecja Mikael Max/Mikael Karlsson
18%
Wielka Brytania Chris Louis
15%
Wielka Brytania Lee Richardson
12%
Szwecja Stefan Danno
9%
Nie znaleziono quizów pasujących do podanych kryteriów
Rozkład punktacji
Procent ludzi z każdym wynikiem
Percentyl według liczby udzielonych odpowiedzi
Twoja historia wyników
Nie rozwiązałeś tego quizu od ostatniego zresetowania